000 01570cam a22004097a 4500
003 CHAP
005 20220329141853.0
008 980319d1986 mx r 00010 spa d
010 _a75060
011 _a76032
020 _a9688404055
035 _a85609
040 _cCHAP
082 0 4 _a630.9
_bF4
100 0 0 _aFernández Ortiz, Luis M.
_940260
245 0 3 _aLa crisis agrícola en México :
_balgunos planteamientos y algunos desacuerdos
_c/por Luis M. Fernández Ortiz y María Tarrío García
260 0 _aMéxico, D. F. :
_bUniversidad Autónoma Metropolitana. Unidad Xochimilco. División de Ciencias Sociales y Humanidades,
_c1986.
300 _a145 p. :
_bgráfs. ; cuadros
410 2 1 _aUAM. Unidad Xochimilco
490 0 _aBreviarios de la investigación
_v; 2
590 _aBATCH-UPD
_b10
_c20130110
_lUCH01
_h0210
590 _aBATCH-UPD
_b10
_c20130110
_lUCH01
_h1122
590 _aBATCH-UPD
_b10
_c20130409
_lUCH01
_h2224
590 _aBATCH-UPD
_b10
_c20130410
_lUCH01
_h1200
590 _aBATCH-UPD
_b10
_c20130914
_lUCH01
_h0054
590 _aBATCH-UPD
_b10
_c20130914
_lUCH01
_h2042
590 _aCONVERSION
_b10
_c20130109
_lUCH01
_h1341
650 1 4 _aAgricultura
_xAspectos economicos
_zMexico.
_91312
650 1 4 _aAgricultura
_xHistoria
_xMéxico.
_91521
700 0 _aTarrío García, María.
_9111719
810 0 0 _aUAM. Unidad Xochimilco
_9115982
830 0 _aBreviarios de la investigación
_v; 2
_915274
901 _aBK
905 _aLilia Sánchez G.
942 _cLIBRO
949 _a630.9 F4
_bBC
_cLIBRO
_d33724000947495
_eLIBRO
_h92984
_i85609
_si
999 _c75060
_d75060